Rural affairs and fisheries (Record no. 112395)

MARC details
000 -LEADER
fixed length control field 00866cad a22002175a 4500
001 - CONTROL NUMBER
control field E153143
008 - FIXED-LENGTH DATA ELEMENTS--GENERAL INFORMATION
fixed length control field 110524e20110610xxka f s000 0 eng d
035 ## - SYSTEM CONTROL NUMBER
System control number (Sirsi) u153143
041 0# - LANGUAGE CODE
Language code of text/sound track or separate title eng
100 1# - MAIN ENTRY--PERSONAL NAME
Personal name Edwards, Tom
245 04 - TITLE STATEMENT
Title Rural affairs and fisheries
Remainder of title subject profile
Medium [electronic resource]
260 ## - PUBLICATION, DISTRIBUTION, ETC.
Place of publication, distribution, etc. Edinburgh
Name of publisher, distributor, etc. Scottish Parliament
Date of publication, distribution, etc. 2011
490 #0 - SERIES STATEMENT
Series statement SPICe Briefing
Volume/sequential designation (11/40) 10 June 2011
520 ## - SUMMARY, ETC.
Summary, etc. Looks at policies related to rural affaris in Scotland, including crofting, forestry and land reform. Also discusses fisheries and animal welfare.
521 ## - TARGET AUDIENCE NOTE
Target audience note Advanced
590 ## - LOCAL NOTE (RLIN)
Local note KA
651 #4 - SUBJECT ADDED ENTRY--GEOGRAPHIC NAME
Geographic name Scotland
Chronological subdivision 1999-
690 ## - LOCAL SUBJECT ADDED ENTRY--TOPICAL TERM (OCLC, RLIN)
Topical term or geographic name as entry element PROPERTY-RURAL AND NATURAL ASSETS
856 40 - ELECTRONIC LOCATION AND ACCESS
Uniform Resource Identifier <a href="https://www.scottish.parliament.uk/business/research/briefings-11/SB11-40.pdf">https://www.scottish.parliament.uk/business/research/briefings-11/SB11-40.pdf</a>
Public note View the briefing free of charge at www.scottish.parliament.uk
942 ## - ADDED ENTRY ELEMENTS (KOHA)
Suppress in OPAC 0
Holdings
Withdrawn status Lost status Source of classification or shelving scheme Damaged status Not for loan Home library Current library Shelving location Date acquired Total Checkouts Full call number Barcode Date last seen Copy number Price effective from Koha item type
    Dewey Decimal Classification     Virtual Virtual Online 14/06/2011   ONLINE PUBLICATION 153143-1001 06/08/2019 1 06/08/2019 Book